000 00564nam a2200157 i 4500
001 60699
003 ES-MaACL
005 20230906164304.0
007 t|
008 031105s1961 sp ||||1| spa d
100 1 _aEsteves Voelckers, Guillermo.
_948158
245 1 0 _aTarjetero histórico
_b: noticias sobre el segundo viaje del almirante Critobal Colón, su paso por Boriquen, el sitio del desembarco /
_cGuillermo Esteves Völckers.
260 _aMadrid :
_b[s.n.,
_c1961]
300 _a646 p., 2 lám. :
_bil. ;
_c27 cm.
852 _aES-MaACL
_jC-20737
_bR.48910
999 _c60699
_d60699